000 00720nam a2200277Ia 4500
008 171120s9999 xx 000 0 und d
020 _a9.7816071008e+012
050 _a133.54
050 _bK337 2010
100 _aKendrick, Sophia
245 4 _aThe birthday almanac :
245 _bpersonal revelations for every day of the year /
245 _cby Sophia Kendrick.
260 _aSan Diego, California :
260 _bThunder Bay Press,
260 _c2010
300 _a416 pages :
300 _bsome color illustrations ;
300 _c18cm.
500 _aIncludes index.
650 _aAstrology.
650 _aBirthdays --
650 _aZodiac.
650 _xMiscellanea.
700 _aTitle.
999 _c345052
_d345052